| 000 | 00428nam a2200145Ia 4500 | ||
|---|---|---|---|
| 008 | 191206s9999 xx 000 0 und d | ||
| 020 | _a841904235 | ||
| 090 | _aPR401 | ||
| 245 | 0 | _a"Context of English literature, 1900-1930" | |
| 260 | _aHolmes & Meier Publishers | ||
| 260 | _bContext of English literature | ||
| 260 | _cc1980 | ||
| 300 | _a"248 p., [4] leaves of plates : ill. ; 22 cm." | ||
| 999 |
_c15741 _d15741 |
||